=LDR 00000nam 2200000 4500 =001 INLIS000000000032285 =005 20130612134310 =008 ***********************************ind** =035 ##$$0010-061300000032285 =041 ##$$a ind =082 ##$$a 495.7 =090 ##$$a 495.7, Put b =100 ##$$a Putra, Desy Sasadara =245 ##$$a Belajar Bahasa Korea Untuk Pemula, Desy Sasadara Putra; Penyunting, Dedy =260 ##$$a 2008 $b Yogyakarta =300 ##$$a xi,123 hlm., Ilus., 28 cm =650 ##$$a Bahasa Korea =700 ##$$a Dedy =850 ##$$a NBPNMAT =990 ##$$a 0001/BPAP-NTB/2016